00623nam a2200217Ia 4500008004100000050001800041050001800059100002200077245002400099245008400123245002200207260001200229260002300241260000900264300001600273300002000289300001100309500004100320650002200361650002200383160319s9999 xx 000 0 und d aFIL HF 5547.5 b.D48 2004 c.1 aDe Vera, Nimfa D. aOffice procedures : ba practical guide for business teachers and students and office professionals / cNimfa D. De Vera. aManila: bConan Book Stores, c2004 a175 pages : billustrations ; c26 cm. aIncludes bibliographical references. aOffice practice.  xOffice etiquette.